| 000 | 01537nam a2200397Ia 4500 | ||
|---|---|---|---|
| 001 | ebr10135518 | ||
| 003 | CaPaEBR | ||
| 006 | m u | ||
| 007 | cr cn||||||||| | ||
| 008 | 020926s2003 nyu sb 000 0 eng d | ||
| 010 | _z 2002035593 | ||
| 020 | _z1403981361 | ||
| 020 | _z140396114X | ||
| 040 |
_aCaPaEBR _cCaPaEBR |
||
| 035 | _a(OCoLC)123420934 | ||
| 050 | 1 | 4 |
_aJZ5930 _b.D44 2003eb |
| 082 | 0 | 4 |
_a355/.03304 _221 |
| 245 | 0 | 0 |
_aDefending Europe _h[electronic resource] : _bthe EU, NATO and the quest for European autonomy / _cedited by Jolyon Howorth and John T.S. Keeler. |
| 260 |
_aNew York : _bPalgrave Macmillan, _c2003. |
||
| 300 | _axii, 247 p. | ||
| 504 | _aIncludes bibliographical references. | ||
| 533 |
_aElectronic reproduction. _bPalo Alto, Calif. : _cebrary, _d2009. _nAvailable via World Wide Web. _nAccess may be limited to ebrary affiliated libraries. |
||
| 610 | 2 | 0 | _aNorth Atlantic Treaty Organization. |
| 610 | 2 | 0 | _aEuropean Union. |
| 650 | 0 |
_aNational security _zEurope _xHistory _y20th century. |
|
| 650 | 0 |
_aNational security _zEurope _xHistory _y21st century. |
|
| 650 | 0 | _aSecurity, International. | |
| 650 | 0 |
_aPost-communism _zEurope. |
|
| 651 | 0 |
_aEurope _xEconomic integration. |
|
| 651 | 0 |
_aEurope _xDefenses. |
|
| 655 | 7 |
_aElectronic books. _2local |
|
| 700 | 1 | _aHoworth, Jolyon. | |
| 700 | 1 | _aKeeler, John T. S. | |
| 710 | 2 | _aebrary, Inc. | |
| 856 | 4 | 0 |
_uhttp://site.ebrary.com/lib/rucke/Doc?id=10135518 _zAn electronic book accessible through the World Wide Web; click to view |
| 999 |
_c85525 _d85525 |
||